| 000 | 00710nam a2200229 i 4500 | ||
|---|---|---|---|
| 001 | 169305 | ||
| 003 | ES-MaACL | ||
| 005 | 20250911062844.0 | ||
| 008 | 080829s2007 sp |||| | spa d | ||
| 017 | _aM-43.260-2007 | ||
| 020 | _a978-84-7522-661-3 | ||
| 080 | _a821.134.2(83)-14"19" | ||
| 100 | 0 |
_aLara, Omar, _d1941-2021 _970208 |
|
| 245 | 1 | 0 |
_aPapeles de Harek Ayun / _cOmar Lara. |
| 260 |
_aMadrid : _bVisor Libros, _c2007. |
||
| 300 |
_a56 p. ; _c20 cm. |
||
| 490 | 1 |
_aColección Visor de poesía ; _v661 |
|
| 500 | _a"VII Premio Casa de América de Poesía Americana" | ||
| 830 | 0 |
_aColección Visor de poesía _v661 _9177331 |
|
| 852 | 4 |
_aES-MaACL _jL-29663 _9R.142920 |
|
| 999 |
_c169305 _d169305 |
||